1321 1434 1621 1520 1709 1486 1062 1695 1940 1268 1602 1791 1178 1997 1308 1550 1041 1468 1993 1125 1490 1926 1612 1786 1013 1380 1165 1721 1465 1160 1494 1404 1696 1198 1860 1391 1936 1903 1938 1099 1743 1566 1651 1252 1003 1890 1123 1033 1165 1507 1556 1375 1214 1040 1967 1102 1619 1618 1956 1385 1281 1456 1567 1223 1722 1758 1628 1771 1411 1995 1950 1087 1766 1838 1574 1680 1496 1260 1626 1796 1213 1625 1686 1684 1206 1475 1777 1724 1267 1263 1784 1697 1078 1342 1440 1050 1691 1494 1071 BCNSPRNW ULIB Ver.6.0+V

เปลี่ยนเป็นภาษาไทย

Change to English
 แสดงรายละเอียดบรรณานุกรม
  กลับหน้าหลัก

Brief Record : Get Marc (ISO 2709) : E-mail record : QR code < ปิดหน้าต่าง
LEADER : 00000nam 2200000uu 4500
001    13399114760
003     ULIB
008    120514s2553||||th 000 0 tha d
020    ^a9789741108305
060 04 ^aWM105^bส867จ
100 0  ^aสุรีย์ กาญจนวงศ์
245 10 ^aจิตวิทยาสุขภาพ =^bHealth psychology /^cสุรีย์ กาญจนวงศ์
246 31 ^aHealth psychology
250    ^aพิมพ์ครั้งที่ 2
260    ^aนครปฐม :^bคณะสังคมศาสตร์และมนุษยศาสตร์ มหาวิทยาลัยมหิดล,^c2553
300    ^a192 หน้า ;^c23 ซม.
500    ^aSend to Single Search
650  4 ^aจิตวิทยา
650  4 ^aความเครียดทางจิต
650  4 ^aพฤติกรรมสุขภาพ
650  4 ^aสุขภาพจิต
710 2  ^aมหาวิทยาลัยมหิดล. ^bคณะสังคมศาสตร์และมนุษยศาสตร์
945    ^p250^l0^i19040
945    ^p250^l0^i19153
995    ^aกัณชพร
999 ^a ใช้งานได้ทุกระบบ
รายการนี้ยังไม่มีแท็ก
คุณยังไม่ได้ล็อกอิน คุณสามารถมีกิจกรรมร่วมกับเว็บไซต์ได้ แต่ต้องล็อกอินก่อน ::
  ล็อกอิน

รายการสื่อสารสนเทศ

ลำดับที่ ประเภท เลขเรียก/บาร์โค้ด สถานที่ สถานะ
1. วิทยาศาสตร์การแพทย์ และสุขภาพ
วิทยาศาสตร์การแพทย์ และสุขภาพ
สถานะ=หนังสือเก่า
WM105 ส867จ  
  Barcode: 19040
ห้องสมุดวิทยาเขตนครสวรรค์
►ส่วนจัดเก็บหนังสือเก่า นว.
บนชั้น
  ขอยืม

รายการใกล้เคียง
    ผู้แต่ง [สุรีย์ กาญจนวงศ์]

    หัวเรื่อง [จิตวิทยา]
    หัวเรื่อง [ความเครียดทางจิต]
    หัวเรื่อง [พฤติกรรมสุขภาพ]
    หัวเรื่อง [สุขภาพจิต]

BibComment


ยังไม่เคยถูกคอมเมนท์

คอมเมนท์ทรัพยากรรายการนี้
  คอมเมนท์: จิตวิทยาสุขภาพ ..


 Copyright 2026. Bcnsprnw @Library